World famous ghosts (Record no. 8707)

MARC details
000 -LEADER
fixed length control field 00501cam a2200193ua 4500
001 - CONTROL NUMBER
control field 9701
005 - DATE AND TIME OF LATEST TRANSACTION
control field 20260515114519.0
008 - FIXED-LENGTH DATA ELEMENTS--GENERAL INFORMATION
fixed length control field 160614n ii |||gr||||Z||||||eng
040 ## - CATALOGING SOURCE
Transcribing agency MAIN
041 ## - LANGUAGE CODE
Language code of text/sound track or separate title eng
082 ## - DEWEY DECIMAL CLASSIFICATION NUMBER
Classification number 133.1
100 ## - MAIN ENTRY--PERSONAL NAME
Personal name Sharma, Ashok Kumar,
Relator term Author.
245 ## - TITLE STATEMENT
Title World famous ghosts
Statement of responsibility, etc. by Ashok Kumar Sharma
250 ## - EDITION STATEMENT
Edition statement 13th ed.
260 ## - PUBLICATION, DISTRIBUTION, ETC.
Place of publication, distribution, etc. Delhi:
Name of publisher, distributor, etc. Family books pvt. ltd.,
Date of publication, distribution, etc. 1999.
300 ## - PHYSICAL DESCRIPTION
Extent 128p.
653 ## - INDEX TERM--UNCONTROLLED
Uncontrolled term Specific topics in parapsychology & occultism
942 ## - ADDED ENTRY ELEMENTS (KOHA)
Koha item type Books
Holdings
Withdrawn status Lost status Damaged status Not for loan Home library Current library Shelving location Date acquired Total checkouts Full call number Barcode Date last seen Copy number Price effective from Koha item type
        Naharkatiya College Library Naharkatiya College Library General stacks 09/19/2020   133.1 | SHA 22002 09/19/2020 1 09/19/2020 Books